Разрушение никеля и кадмия при электролизе переменным током в щелочном электролите; Известия Томского политехнического университета [Известия ТПУ]; Т. 306, № 1

Bibliografiske detaljer
Parent link:Известия Томского политехнического университета [Известия ТПУ]/ Томский политехнический университет (ТПУ).— , 2000-
Т. 306, № 1.— 2003.— [С. 36-41]
Hovedforfatter: Коробочкин В. В. Валерий Васильевич
Andre forfattere: Ханова Е. А. Елена Александровна
Summary:Заглавие с титульного листа
Электронная версия печатной публикации
Изучено влияние различных параметров электролиза под действием переменного тока промышленной частоты на скорость разрушения металлических никеля и кадмия в щелочных растворах. С помощью методов рентгенофазового, дифференциально-термического анализов и термогравиметрии определен фазовый состав продуктов электролиза и его изменение при дегидратации.
Sprog:russisk
Udgivet: 2003
Serier:Естественные науки
Fag:
Online adgang:http://www.lib.tpu.ru/fulltext/v/Bulletin_TPU/2003/v306/i1/06.pdf
Format: Electronisk Book Chapter
KOHA link:https://koha.lib.tpu.ru/cgi-bin/koha/opac-detail.pl?biblionumber=167111

MARC

LEADER 00000nla2a2200000 4500
001 167111
005 20231031162710.0
035 |a (RuTPU)RU\TPU\book\181267 
035 |a RU\TPU\book\181265 
090 |a 167111 
100 |a 20091012d2003 k y0rusy50 ca 
101 0 |a rus 
102 |a RU 
135 |a drnn ---uucaa 
181 0 |a i  
182 0 |a b 
200 1 |a Разрушение никеля и кадмия при электролизе переменным током в щелочном электролите  |b Электронный ресурс  |f В. В. Коробочкин, Е. А. Ханова 
203 |a Текст  |c электронный 
215 |a 1 файл (485 Кб) 
225 1 |a Естественные науки 
230 |a Электронные текстовые данные (1 файл : 485 Кб) 
300 |a Заглавие с титульного листа 
300 |a Электронная версия печатной публикации 
320 |a [Библиогр.: с. 40-41 (39 назв.)] 
330 |a Изучено влияние различных параметров электролиза под действием переменного тока промышленной частоты на скорость разрушения металлических никеля и кадмия в щелочных растворах. С помощью методов рентгенофазового, дифференциально-термического анализов и термогравиметрии определен фазовый состав продуктов электролиза и его изменение при дегидратации. 
337 |a Adobe Reader 
461 1 |0 (RuTPU)RU\TPU\book\176237  |t Известия Томского политехнического университета [Известия ТПУ]  |f Томский политехнический университет (ТПУ)  |d 2000- 
463 1 |0 (RuTPU)RU\TPU\book\181200  |t Т. 306, № 1  |v [С. 36-41]  |d 2003  |p 180 с. 
610 1 |a труды учёных ТПУ 
610 1 |a электронный ресурс 
610 1 |a разрушения 
610 1 |a металлический никель 
610 1 |a металлический кадмий 
610 1 |a щелочные растворы 
610 1 |a рентгенофазовый анализ 
610 1 |a дифференциально-термический анализ 
610 1 |a термогравиметрия 
610 1 |a электролиз 
610 1 |a переменный ток 
610 1 |a щелочные электролиты 
700 1 |a Коробочкин  |b В. В.  |c российский химик-технолог  |c профессор Томского политехнического университета, доктор технических наук  |f 1951-  |g Валерий Васильевич  |2 stltpush  |3 (RuTPU)RU\TPU\pers\27915 
701 1 |a Ханова  |b Е. А.  |c химик-технолог  |c старший преподаватель Томского политехнического университета  |f 1976-  |g Елена Александровна  |2 stltpush  |3 (RuTPU)RU\TPU\pers\30304 
801 1 |a RU  |b 63413507  |c 20090623  |g PSBO 
801 2 |a RU  |b 63413507  |c 20130909  |g PSBO 
856 4 |u http://www.lib.tpu.ru/fulltext/v/Bulletin_TPU/2003/v306/i1/06.pdf 
942 |c CF